Mouvement membres supérieurs - Statistiques

Statistiques générales
  • Ce quiz a été pris 40 fois
    38 depuis la dernière actualisation
  • Le résultat moyen est 3 sur 34
Statistiques - réponses
Hint Réponse % Correct
Brachial Flexion du coude
86%
Court abducteur du pouce Abduction du pouce
57%
Long fléchisseur du pouce Flexion du pouce
29%
Trapèze, partie descendante Elévation de l'omoplate, rotation vers le haut de l'omoplate
14%
Anconé Extension du coude
14%
Triceps brachial Extension du coude et du bras
14%
Fléchisseur superficiel des doigts Flexion des doigts
14%
Fléchisseur profond des doigts Flexion des doigts et du poignet
14%
Biceps brachial Flexion du coude et du bras, supination
14%
Grand pectoral Flexion, rotation interne, adduction du bras
14%
Deltoïdes, partie acrominiale Abduction du bras
0%
Supras-épineux Abduction du bras
0%
Deltoïdes, partie spinale Abduction et extension du bras
0%
Deltoïdes, partie claviculaire Abduction et flexion du bras
0%
Dentelé antérieur Abduction, rotation, élévation omoplate, flexion du bras
0%
Coracobrachial Adduction, flexion du bras
0%
Petit pectoral Dépression, abduction omoplate
0%
Trapèze, partie ascendante Dépression de l'omoplate, rotation vers le haut de l'omoplate
0%
Elévateur de la scapula Elévation et adduction de l'omoplate
0%
Petit et Grand rhomboïde Elévation omoplate, Adduction omoplate, rotation vers le bas de l'omoplate
0%
Long et court extenseur radial du carpe Extension et abduction du poignet
0%
Court extenseur ulnaire du carpe Extension et adduction du poignet
0%
Brachioradial Flexion du coude, supination et pronation de l'avant-bras
0%
Long palmaire Flexion du poignet
0%
Fléchisseur radial du carpe Flexion et abduction du poignet
0%
Fléchisseur ulnaire du carpe Flexion et adduction du poignet
0%
Carré pronateur Pronation de l'avant-bras
0%
Rond pronateur Pronation de l'avant-bras, faible flexion du coude
0%
Infra-épineux Rotation externe, abduction supérieur, adduction inférieur du bras
0%
Petit rond Rotation externe, adduction du bras
0%
Subscapulaire Rotation interne, abduction (supérieur), adduction(inférieur) du bras
0%
Grand rond Rotation interne, adduction, extension du bras
0%
Grand dorsal Rotation interne, adduction, extension du bras
0%
Supinateur Supination dde l'avant-bras
0%
Aucun quiz correspondant
Distribution des résultats
% des personnes avec chaque résultat
Percentile par nombre de réponses
Votre historique - résultats
Vous n’avez pas pris ce quiz depuis la dernière actualisation